Stazioni ferroviarie di Genova - Statistics

Statistiche generali
  • Questo quiz è stato fatto 190 volte
  • Il punteggio medio è 15 su 36
Statistiche sulle risposte
Linea ferroviaria Nome della stazione % Corretto
Genova - La Spezia / Genova - Savona Genova Brignole
96%
Genova - La Spezia Genova Quarto dei Mille
80%
Genova - Savona / Genova - Milano (storica) Genova Sampierdarena
79%
Genova - La Spezia Genova Nervi
78%
Genova - Savona Genova Prà
76%
Genova - La Spezia Genova Quinto al Mare
76%
Genova - Savona Genova Voltri
73%
Genova - Savona Genova Pegli
68%
Genova - Savona Genova Sestri Ponente Aeroporto
68%
Principe - Granarolo Principe
61%
Genova - La Spezia Genova Sturla
59%
Genova - Milano (storica) Genova Bolzaneto
57%
Genova - La Spezia / Genova - Savona / Genova - Milano / Genova - Ovada - Acqui Genova Piazza Principe
56%
Genova - Savona Genova Cornigliano
54%
Genova - Milano (storica) Genova Rivarolo
54%
Genova - Savona Genova Via di Francia
54%
Genova - Milano (storica) Genova Pontedecimo
51%
Genova - Savona Genova Vesima
41%
Genova - Ovada - Acqui Genova Acquasanta
37%
Principe - Granarolo Granarolo
36%
Genova - Casella Genova Piazza Manin
33%
Genova - Ovada - Acqui Genova Borzoli
32%
Genova - Ovada - Acqui Genova Granara
27%
Genova - Ovada - Acqui Genova Costa di Sestri Ponente
24%
Genova / Milano (storica) Genova San Biagio
23%
Genova - Casella Cappuccio
9%
Principe - Granarolo Bari
8%
Genova - Casella San Pantaleo
8%
Principe - Granarolo Cambiaso
6%
Principe - Granarolo Chiassaiuola
6%
Genova - Casella Sant'Antonino
6%
Principe - Granarolo Salita Granarolo
5%
Principe - Granarolo Salita San Rocco
5%
Genova - Casella Pino Soprano
4%
Principe - Granarolo Via Bianco
3%
Principe - Granarolo Centurione
2%
Nessun quiz corrispondente trovato
Distribuzione punteggi
Percentuale di utenti per punteggio
Percentile per numero di risposta
I tuoi punteggi nel tempo
Non hai fatto questo quiz